The first three minutes A modern view of the origin of the universe
Đã lưu trong:
| Hovedforfatter: | |
|---|---|
| Format: | Bog |
| Sprog: | Undetermined |
| Udgivet: |
New York
Basic Books
1988
|
| Fag: | |
| Tags: |
Tilføj Tag
Ingen Tags, Vær først til at tagge denne postø!
|
| Thư viện lưu trữ: | Trung tâm Học liệu Trường Đại học Cần Thơ |
|---|
| LEADER | 00520nam a2200193Ia 4500 | ||
|---|---|---|---|
| 001 | CTU_2041 | ||
| 008 | 210402s9999 xx 000 0 und d | ||
| 082 | |a 523.12 | ||
| 082 | |b W423 | ||
| 100 | |a Steveb Weinberg | ||
| 245 | 4 | |a The first three minutes | |
| 245 | 2 | |b A modern view of the origin of the universe | |
| 245 | 0 | |c Steveb Weinberg | |
| 260 | |a New York | ||
| 260 | |b Basic Books | ||
| 260 | |c 1988 | ||
| 650 | |a cosmogoly | ||
| 904 | |i Minh, 960822 | ||
| 980 | |a Trung tâm Học liệu Trường Đại học Cần Thơ | ||